Tình huống Marketing

Các tình huống tương ứng với kiến thức của một chương hoặc vài chương trong môn học marketing. Các tình huống được tác giả nghiên cứu, sưu tầm và biên soạn dựa vào sự đúc kết từ hoạt động thực tiễn của doanh nghiệp với các thông tin...

תיאור מלא

שמור ב:
מידע ביבליוגרפי
מחבר ראשי: Phạm, Thị Liên
פורמט: ספר
שפה:Undetermined
יצא לאור: H. Đại học quốc gia Hà Nội 2017
נושאים:
גישה מקוונת:http://lrc.tdmu.edu.vn/opac/search/detail.asp?aID=2&ID=33148
תגים: הוספת תג
אין תגיות, היה/י הראשונ/ה לתייג את הרשומה!
Thư viện lưu trữ: Trung tâm Học liệu Trường Đại học Thủ Dầu Một
LEADER 01517nam a2200205Ia 4500
001 TDMU_33148
008 210410s9999 xx 000 0 und d
082 |a 530.14 
090 |b PH104 
100 |a Phạm, Thị Liên 
245 0 |a Tình huống Marketing 
245 0 |c Phạm Thị Liên (Biên soạn) 
260 |a H. 
260 |b Đại học quốc gia Hà Nội 
260 |c 2017 
300 |a 320 
520 |a Các tình huống tương ứng với kiến thức của một chương hoặc vài chương trong môn học marketing. Các tình huống được tác giả nghiên cứu, sưu tầm và biên soạn dựa vào sự đúc kết từ hoạt động thực tiễn của doanh nghiệp với các thông tin và dữ liệu thu thập từ nhiều nguồn tham khảo khác nhau. Các tình huống bao gồm các hoạt động trong quá khứ của doanh nghiệp, được biên soạn với mục đích giảng dạy và học tập, không phải tất cả các thông tin và dữ liệu mới nhất về doanh nghiệp đều được cập nhật trong các tình huống này.; Sách song ngữ Việt - Anh  
650 |a Tiếp thị  |x Tình huống; Marketing  |x Tình huống 
856 |u http://lrc.tdmu.edu.vn/opac/search/detail.asp?aID=2&ID=33148 
980 |a Trung tâm Học liệu Trường Đại học Thủ Dầu Một